000 00675nam a2200241Ia 4500
003 OSt
005 20221006164252.0
006 a|||||r|||| 00| 0
007 ta
008 221006b |||||||| |||| 00| 0 eng d
024 _a6,840
037 _cTextual
040 _aFML
_cFML
_beng
041 _2eng
_aeng
082 _aY72 ' C, J9
100 _aArmstrong William H Au.
_9676995
245 0 _aThe People Of The Anciant World
260 _aNewYork
_bHarper & Row U.S.A.
_c1959
300 _a553
_ccm.
700 _a Swain J. W. Au.
_9676996
942 _hY72 ' C, J9
_cTEXL
_2CC
999 _c1116686
_d1116686